|
|
|
|
| LEADER |
00856nam a22002417a 4500 |
| 001 |
30048 |
| 003 |
BD-DhAAL |
| 005 |
20151108121015.0 |
| 008 |
151108s20042003ii a|||| b||| 001 0 eng d |
| 020 |
|
|
|a 8178811626
|
| 040 |
|
|
|a BD-DhAAL
|c BD-DhAAL
|
| 082 |
|
|
|2 22
|a 658.8/4
|
| 245 |
|
|
|a Managing E-business /
|c edited byVivek Gupta
|
| 260 |
|
|
|a Hyderabad :
|b ICFAIU University Press,
|c 2003 [Reprinted 2004]
|
| 300 |
|
|
|a xi, 167 p. :
|b ill. ;
|c 23 cm.
|
| 541 |
|
|
|e 30048
|
| 650 |
|
|
|a Business enterprises
|x Computer networks.
|9 810
|
| 650 |
|
|
|a Electronic commerce.
|9 6760
|
| 700 |
|
|
|a Gupta, Vivek
|9 16014
|
| 852 |
|
|
|a Aeysha Abed Library
|
| 942 |
|
|
|2 ddc
|c BK
|
| 999 |
|
|
|c 36061
|d 36061
|
| 952 |
|
|
|0 0
|1 0
|2 ddc
|4 0
|6 658_800000000000000_4_MAN
|7 0
|9 56667
|a CED
|b CED
|c GEN
|d 2015-11-08
|e Development Book Agency
|g 474.00
|l 0
|o 658.84 MAN
|p 3010030048
|r 2015-11-08
|t 1
|w 2015-11-08
|y BK
|